000 00713nam a2200289Ia 4500
005 20260324134437.0
008 008 260324s9999 xx 000 0 eng d
020 _a9781315133706
037 _aEBOOK
040 _aCRL
040 _beng
040 _cCRL
041 _2eng
041 _aeng
084 _qCRL
100 _aLarry Brendtro
_91196835
245 4 _aThe Other 23 Hours
245 0 _bChild Care Work with Emotionally Disturbed Children in a Therapeutic Milieu
260 _bTaylor and Francis
260 _c2002
365 _a
365 _b255
856 _uhttp://www.taylorfrancis.com/books/9781315133706
942 _cEBOOK
999 _c1796946
_d1796946